[Event "Linares-02"]
[Site "Linares"]
[Date "1979.11.??"]
[Round "?"]
[White "Kortschnoj, Viktor Lvovich"]
[Black "Eslon, Jaan"]
[Result "1-0"]
[WhiteElo "2695"]
[BlackElo "2380"]
[PlyCount "73"]
[EventDate "1979.11.??"]
[EventType "tourn"]
[EventRounds "11"]
[EventCountry "ESP"]
[SourceTitle "EXT 2002"]
[Source "ChessBase"]
[SourceDate "2001.11.25"]
[SourceVersion "1"]
[SourceVersionDate "2001.11.25"]
[SourceQuality "1"]

1. c4 Nf6 2. Nc3 e5 3. Nf3 Nc6 4. g3 d5 5. cxd5 Nxd5 6. Bg2 Nb6 7. a4 a5 8. d3
Bb4 9. O-O O-O 10. Be3 Bg4 11. Rc1 Kh8 12. Nb5 Nd5 13. Bc5 Bxc5 14. Rxc5 Be6
15. d4 e4 16. Ne5 Nxe5 17. dxe5 c6 18. Nd4 Qe7 19. Nxe6 Qxe6 20. Bxe4 Qxe5 21.
Bxd5 cxd5 22. Rb5 Rad8 23. e3 b6 24. Qb3 Qe4 25. Rxb6 d4 26. exd4 Qxd4 27. Rb5
Qa7 28. Qc3 Ra8 29. Rc1 Kg8 30. Qe5 h6 31. Rc7 Qa6 32. Qd5 Qf6 33. Kg2 Qg6 34.
Qf5 Qa6 35. Rbb7 g6 36. Qd5 Qf6 37. Rxf7 1-0

[Event "London Phillips&Drew"]
[Site "London"]
[Date "1980.??.??"]
[Round "2"]
[White "Short, Nigel D"]
[Black "Kortschnoj, Viktor Lvovich"]
[Result "0-1"]
[WhiteElo "2360"]
[BlackElo "2695"]
[Annotator "ChessBase"]
[PlyCount "72"]
[EventDate "1980.04.10"]
[EventType "tourn"]
[EventRounds "13"]
[EventCountry "ENG"]
[EventCategory "13"]
[SourceTitle "EXT 1999"]
[Source "ChessBase"]
[SourceDate "1998.11.16"]
[SourceVersion "1"]
[SourceVersionDate "1998.11.16"]
[SourceQuality "1"]

1. e4 e5 2. Nf3 Nc6 3. Bb5 a6 4. Ba4 Nf6 5. d4 Nxd4 6. Nxd4 exd4 7. e5 Ne4 8.
Qxd4 Nc5 9. Nc3 Be7 10. Qg4 $2 (10. O-O O-O 11. Nd5 $11) 10... Kf8 $1 (10...
O-O 11. Bh6 Ne6 12. Bb3 Bg5 13. Bxg5 Qxg5 14. Qxg5 Nxg5 15. Nd5 $16) 11. O-O d5
12. Qd4 c6 13. Bb3 h5 14. Ne2 Bf5 15. Be3 $2 (15. Qd1) 15... Nxb3 16. cxb3 c5
17. Qd1 d4 18. Bf4 (18. Bc1 Qd5) 18... g5 $1 19. Bc1 h4 $1 20. Re1 (20. f4 $2
g4 {splat!}) 20... Qd5 21. Nc3 Qc6 22. Nb1 g4 23. Bf4 h3 24. f3 Rg8 25. g3 gxf3
26. Kf2 Rg4 $1 27. Rg1 (27. Qxf3 Rxf4 28. gxf4 (28. Qxf4 Qg2#) 28... Bh4+ 29.
Ke2 (29. Kf1 Qb5+) 29... Qxf3+ 30. Kxf3 Bxe1) 27... Rxf4 28. gxf4 Bh4+ 29. Rg3
Bxg3+ 30. hxg3 (30. Kxg3 Qg6+) 30... Qe4 31. Qxf3 Qc2+ 32. Qe2 d3 33. Qd2 (33.
Qxc2 dxc2 34. Nc3 b5) 33... Ke7 34. Kg1 h2+ 35. Kxh2 (35. Qxh2 Qc1+ 36. Kg2
Qxb2+ {costing at least a rook}) 35... Rh8+ 36. Kg1 Be4 0-1

[Event "Baden-Baden"]
[Site "Baden-Baden"]
[Date "1981.??.??"]
[Round "?"]
[White "Kortschnoj, Viktor Lvovich"]
[Black "Borik, Otto"]
[Result "1-0"]
[WhiteElo "2650"]
[BlackElo "2390"]
[PlyCount "51"]
[EventDate "1981.??.??"]
[EventType "tourn"]
[EventRounds "13"]
[EventCountry "GER"]
[EventCategory "9"]
[SourceTitle "MCD"]
[Source "ChessBase"]
[SourceDate "1999.07.01"]
[SourceVersion "1"]
[SourceVersionDate "1999.07.01"]
[SourceQuality "1"]

1. d4 Nf6 2. c4 c5 3. d5 b5 4. Nf3 Bb7 5. Qb3 Qb6 6. Nc3 bxc4 7. Qxb6 axb6 8.
e4 e6 9. Ne5 exd5 10. exd5 Nxd5 11. Bxc4 Nxc3 12. Bxf7+ Kd8 13. bxc3 d6 14. Nc4
Bxg2 15. Rg1 Bc6 16. Bf4 Ra7 17. Be6 Ke7 18. Bh3 Kf7 19. Nxb6 Nd7 20. Nc8 Ra3
21. Rg3 Ne5 22. Bxe5 dxe5 23. Rb1 g6 24. Rb6 Be4 25. Re3 Bb1 26. Rxb1 1-0

[Event "Baden-Baden"]
[Site "Baden-Baden"]
[Date "1981.??.??"]
[Round "?"]
[White "Kortschnoj, Viktor Lvovich"]
[Black "Roos, Louis"]
[Result "1-0"]
[WhiteElo "2650"]
[BlackElo "2375"]
[PlyCount "57"]
[EventDate "1981.??.??"]
[EventType "tourn"]
[EventRounds "13"]
[EventCountry "GER"]
[EventCategory "9"]
[SourceTitle "MCD"]
[Source "ChessBase"]
[SourceDate "1999.07.01"]
[SourceVersion "1"]
[SourceVersionDate "1999.07.01"]
[SourceQuality "1"]

1. Nf3 Nf6 2. c4 b6 3. g3 Bb7 4. Bg2 e6 5. O-O Be7 6. d3 O-O 7. e4 c5 8. Nc3 d6
9. Re1 Nc6 10. d4 cxd4 11. Nxd4 Qc8 12. b3 Nd7 13. Bb2 Nc5 14. Re2 a6 15. Nxc6
Bxc6 16. Nd5 Bd8 17. Nb4 Bb7 18. Qxd6 a5 19. Nd3 Bc7 20. Qd4 e5 21. Qe3 Nxd3
22. Qxd3 Rd8 23. Qc2 Qd7 24. Bc3 Qc6 25. Rd1 Rxd1+ 26. Qxd1 Rd8 27. Rd2 Rxd2
28. Qxd2 Bd6 29. Bxe5 1-0

[Event "NED-chT 8182"]
[Site "Netherlands"]
[Date "1982.01.09"]
[Round "5"]
[White "Kortschnoj, Viktor Lvovich"]
[Black "Van der Sterren, Paul"]
[Result "1-0"]
[WhiteElo "2645"]
[BlackElo "2470"]
[PlyCount "60"]
[EventDate "1981.??.??"]
[EventType "team"]
[EventRounds "9"]
[EventCountry "NED"]
[SourceTitle "EXT 2011"]
[Source "ChessBase"]
[SourceDate "2010.11.26"]
[SourceVersion "1"]
[SourceVersionDate "2010.11.26"]
[SourceQuality "1"]

1. d4 Nf6 2. c4 e6 3. Nc3 d5 4. Bg5 Be7 5. Nf3 O-O 6. Rc1 Nbd7 7. e3 c6 8. Qc2
dxc4 9. Bxc4 Nd5 10. Bxe7 Qxe7 11. O-O Nxc3 12. bxc3 b6 13. Qe4 Bb7 14. Bd3 Nf6
15. Qh4 h6 16. e4 c5 17. d5 c4 $1 18. Be2 (18. Bxc4 exd5 19. exd5 Nxd5 $11)
18... Rac8 19. d6 Qd8 20. e5 Nd7 21. Qd4 Rc5 22. Rfe1 Kh8 23. Rcd1 f6 24. exf6
Rxf6 25. Qe3 Qf8 26. a4 Rcf5 27. Nh4 Re5 28. Qh3 Re4 29. Qg3 g5 30. Nf3 $138
Ref4 $138 {... Het begin van een chaotische tijdnoodfase.Toen de 40 zetten
gehaald waren wit beter, maar opniew verdedigde Van der Sterren zich
uitstekend tot hij op sullige wijze een pion verblunderde en daarmee de partij
verloren.} 1-0

[Event "Rome"]
[Site "Rome"]
[Date "1981.??.??"]
[Round "?"]
[White "Kortschnoj, Viktor Lvovich"]
[Black "Csom, Istvan"]
[Result "1-0"]
[WhiteElo "2650"]
[BlackElo "2500"]
[PlyCount "65"]
[EventDate "1981.02.??"]
[EventType "tourn"]
[EventRounds "9"]
[EventCountry "ITA"]
[EventCategory "10"]
[SourceTitle "MCL"]
[Source "ChessBase"]
[SourceDate "1999.07.01"]
[SourceVersion "1"]
[SourceVersionDate "1999.07.01"]
[SourceQuality "1"]

1. c4 Nf6 2. Nc3 c5 3. Nf3 b6 4. e4 d6 5. d4 cxd4 6. Nxd4 Bb7 7. Qe2 e6 8. g3
a6 9. Bg2 Qc7 10. O-O Be7 11. Be3 Nbd7 12. Rac1 Rc8 13. b3 Qb8 14. Bd2 O-O 15.
g4 g6 16. g5 Ne8 17. Bh3 Ng7 18. f4 Rce8 19. Qf2 Qd8 20. Rcd1 Nc5 21. Qe2 Qa8
22. Rde1 e5 23. fxe5 dxe5 24. Nf3 Nce6 25. Nd5 Bc5+ 26. Kh1 Bxd5 27. exd5 Nf4
28. Bxf4 exf4 29. Qb2 Re7 30. Ne5 Rd8 31. Ng4 Rc7 32. Nh6+ Kh8 33. Rxf4 1-0

[Event "Rome"]
[Site "Rome"]
[Date "1981.??.??"]
[Round "?"]
[White "Zichichi, Alvise"]
[Black "Kortschnoj, Viktor Lvovich"]
[Result "0-1"]
[WhiteElo "2400"]
[BlackElo "2650"]
[Annotator "Gagarin,V"]
[PlyCount "66"]
[EventDate "1981.02.??"]
[EventType "tourn"]
[EventRounds "9"]
[EventCountry "ITA"]
[EventCategory "10"]
[SourceTitle "MCL"]
[Source "ChessBase"]
[SourceDate "1999.07.01"]
[SourceVersion "1"]
[SourceVersionDate "1999.07.01"]
[SourceQuality "1"]

1. Nf3 Nf6 2. c4 b6 3. Nc3 Bb7 4. d3 g6 5. e4 d6 6. g3 Bg7 7. Bg2 O-O 8. O-O c5
9. Rb1 (9. a3 a6 10. Rb1 Nfd7 11. Bd2 $6 (11. Be3 $10) 11... b5 $1 12. cxb5
axb5 13. Nxb5 Ba6 14. a4 Nc6 $15 {Mariotti,S-Velimirovic,D/Praia de Rocha/1978/
0:1/19/}) (9. h3 Nc6 10. Be3 Rc8 $1 11. Qd2 Nd7 12. Kh2 a6 13. Nh4 Nd4 14. f4
b5 $13 {Speelman,J-Browne,W/London/1980/0:1/39/}) (9. Nh4 Nc6 10. f4 a6 $5 (
10... e6 11. g4 Ne8 12. Nf3 f5 $13 {Debarnot,R-Popov,L/Amsterdam/1974/0:1/39)/}
) (10... Rb8 11. g4 a6 12. a4 Nd4 13. Kh1 Nd7 14. Nf3 Bc6 15. Nxd4 $6 cxd4 16.
Na2 (16. Ne2 b5 $15) 16... Nc5 $1 $15 {Romanishin,O-Rodriguez,Am/Moscow/1985/1:
0/70/}) 11. a4 (11. f5 b5 $1 12. Bg5 Ne5 13. b3 h6 14. Bxf6 Bxf6 15. Rc1 e6 16.
Nf3 Qa5 $17 {Alburt,L-Speelman,J (04)/London m/}) (11. g4 {Cseshkovsky}) 11...
Rb8 12. Be3 e6 13. Bf2 Ne8 14. Nf3 Nd4 15. h3 f5 16. exf5 gxf5 $15 {Lerner,
K-Cseshkovsky,V/URS-ch/1986/0:1/41/}) 9... Nc6 10. a3 Nd7 11. Qd2 $6 (11. Be3
$10) (11. Ne2 $10) (11. Bg5 $5 $10) 11... Nd4 12. Nxd4 $6 cxd4 13. Ne2 e5 $15
14. b4 (14. f4 $5 $15) 14... f5 15. Qa2 Kh8 16. Bd2 fxe4 17. Bxe4 $6 (17. dxe4
$15) 17... Bxe4 18. dxe4 Qe7 19. f3 $2 (19. Qc2 $1 $15 {/\ Qd3}) 19... Qe6 $1
$17 {>< c4} 20. b5 $2 (20. Rbc1 $6 b5 21. a4 a6 $19 {/\ Rac8}) (20. a4 $1 Rac8
21. Rbc1 Rc7 $5 (21... d3 22. Nc3 Qxc4 23. Qxc4 Rxc4 24. Nd5 Rfc8 $17) 22. Qb3
Rfc8 23. Rc2 Rxc4 24. Rfc1 b5 25. axb5 Nb6 $17 {/\ d5}) 20... Rac8 $19 21. Rbc1
Rc7 22. Bb4 Bh6 $1 23. Rcd1 (23. f4 Nc5 $19) 23... Be3+ 24. Kg2 Qxc4 25. Qxc4
Rxc4 26. Bxd6 Rf6 27. Be7 Rf7 28. Bd6 Rc2 29. Rfe1 Rf6 30. Be7 (30. Bb4 Nc5 31.
h4 (31. g4 Nxe4 32. fxe4 Rf2+ 33. Kg3 Rcxe2 34. Rxe2 Rxe2 $19 {/\ Bf4}) (31. a4
Nxa4 32. Ra1 Nc5 $19) 31... h5 $1 $19 {(.)} (31... Nxe4 $2 32. fxe4 Rf2+ 33.
Kh3 Rcxe2 34. Rxe2 Rxe2 35. Bd6 $132)) 30... Re6 31. Bb4 Nc5 {(.)} 32. h4 Re8
$1 {/\ d3} (32... d3 $2 33. Bxc5 Rxe2+ 34. Rxe2 dxe2 35. Rd8+ Kg7 36. Bb4 $13)
33. Kh3 (33. Kf1 d3 $19) 33... Bf2 (33... Bf2 34. Rc1 Bxe1 35. Rxc2 d3 36. Rc1
Bxb4 37. axb4 Nb3 38. Rb1 dxe2 $19) 0-1

[Event "Lone Pine op Louis D. Statham Masters"]
[Site "Lone Pine"]
[Date "1981.03.29"]
[Round "1"]
[White "Kortschnoj, Viktor Lvovich"]
[Black "Bisguier, Arthur Bernard"]
[Result "1-0"]
[WhiteElo "2650"]
[BlackElo "2440"]
[PlyCount "89"]
[EventDate "1981.03.29"]
[EventType "swiss"]
[EventRounds "9"]
[EventCountry "USA"]
[SourceTitle "EXT 2018"]
[Source "ChessBase"]
[SourceDate "2017.10.13"]
[SourceVersion "1"]
[SourceVersionDate "2017.10.13"]
[SourceQuality "1"]

1. d4 d5 2. c4 c6 3. Nf3 e6 4. e3 Nf6 5. Bd3 Nbd7 6. Nbd2 Bd6 7. O-O O-O 8. e4
dxe4 9. Nxe4 Nxe4 10. Bxe4 h6 11. Re1 e5 12. Bf5 exd4 13. Qxd4 Qf6 14. Bc2 Qxd4
15. Nxd4 Nf6 16. Bd2 Rd8 17. Bc3 Bc5 18. Rad1 Bg4 19. f3 Be6 20. b3 a5 21. Kf1
Bb4 22. Nxe6 Rxd1 23. Rxd1 fxe6 24. Bxf6 gxf6 25. Rd7 f5 26. Kf2 b6 27. Ke3 Kf8
28. Rc7 Rd8 29. Rxc6 Rd2 30. a3 Bc3 31. Bd3 Kf7 32. c5 bxc5 33. Rxc5 f4+ 34.
Ke4 Bb2 35. Rxa5 Rxg2 36. a4 Rxh2 37. Rc5 e5 38. a5 Bd4 39. Rc6 h5 40. Kf5 Ke7
41. a6 Rb2 42. a7 Bxa7 43. Rc7+ Kd6 44. Rxa7 Rxb3 45. Be4 1-0

[Event "Lone Pine op Louis D. Statham Masters"]
[Site "Lone Pine"]
[Date "1981.03.30"]
[Round "2"]
[White "Dahlberg, Ivars A"]
[Black "Kortschnoj, Viktor Lvovich"]
[Result "0-1"]
[WhiteElo "2480"]
[BlackElo "2650"]
[PlyCount "44"]
[EventDate "1981.03.29"]
[EventType "swiss"]
[EventRounds "9"]
[EventCountry "USA"]
[SourceTitle "EXT 2018"]
[Source "ChessBase"]
[SourceDate "2017.10.13"]
[SourceVersion "1"]
[SourceVersionDate "2017.10.13"]
[SourceQuality "1"]

1. d4 Nf6 2. c4 e6 3. Nf3 Bb4+ 4. Nbd2 c5 5. a3 Bxd2+ 6. Qxd2 b6 7. e3 Bb7 8.
Be2 Nc6 9. O-O O-O 10. b3 Ne4 11. Qc2 f5 12. Rd1 Ne7 13. dxc5 bxc5 14. Bb2 d6
15. Nd2 Ng6 16. Bf3 Nh4 17. Bxe4 fxe4 18. Nxe4 Nxg2 19. Qc3 Qe7 20. Nxd6 Bf3
21. Rd2 Nh4 22. Qe5 Be2 0-1

[Event "Lone Pine op Louis D. Statham Masters"]
[Site "Lone Pine"]
[Date "1981.03.31"]
[Round "3"]
[White "Kortschnoj, Viktor Lvovich"]
[Black "Tarjan, James Edward"]
[Result "1-0"]
[WhiteElo "2650"]
[BlackElo "2530"]
[PlyCount "59"]
[EventDate "1981.03.29"]
[EventType "swiss"]
[EventRounds "9"]
[EventCountry "USA"]
[SourceTitle "EXT 2018"]
[Source "ChessBase"]
[SourceDate "2017.10.13"]
[SourceVersion "1"]
[SourceVersionDate "2017.10.13"]
[SourceQuality "1"]

1. d4 Nf6 2. c4 e6 3. Nf3 b6 4. Nc3 Bb7 5. Bf4 Bb4 6. Qb3 a5 7. e3 d6 8. Be2
Ne4 9. O-O Bxc3 10. bxc3 g5 11. Bxg5 Nxg5 12. Qb5+ Nd7 13. Qxg5 Qxg5 14. Nxg5
Bxg2 15. Kxg2 Rg8 16. f4 h6 17. h4 f6 18. Bg4 Ke7 19. Bxe6 Rg7 20. Bxd7 Kxd7
21. e4 c5 22. e5 dxe5 23. dxe5 fxe5 24. Rad1+ Kc7 25. Kh3 hxg5 26. fxg5 e4 27.
Rde1 Rd8 28. Rxe4 Rd3+ 29. Kg4 Rxc3 30. h5 1-0

[Event "Lone Pine op Louis D. Statham Masters"]
[Site "Lone Pine"]
[Date "1981.04.06"]
[Round "7"]
[White "Kortschnoj, Viktor Lvovich"]
[Black "Jussupow, Artur"]
[Result "1-0"]
[WhiteElo "2650"]
[BlackElo "2575"]
[PlyCount "79"]
[EventDate "1981.03.29"]
[EventType "swiss"]
[EventRounds "9"]
[EventCountry "USA"]
[SourceTitle "EXT 2018"]
[Source "ChessBase"]
[SourceDate "2017.10.13"]
[SourceVersion "1"]
[SourceVersionDate "2017.10.13"]
[SourceQuality "1"]

1. d4 d5 2. c4 c6 3. Nf3 Nf6 4. e3 Bg4 5. h3 Bxf3 6. Qxf3 e6 7. Bd3 Nbd7 8. Nc3
g6 9. O-O Bg7 10. Rd1 O-O 11. Qe2 Qc7 12. Bd2 Rad8 13. Rac1 Qb8 14. Be1 Rfe8
15. Qc2 Rc8 16. b4 e5 17. dxe5 Nxe5 18. cxd5 Nxd5 19. Be2 Nxb4 20. Qb3 Nd5 21.
Nxd5 cxd5 22. Qxd5 Rxc1 23. Rxc1 Rc8 24. Rd1 Nc6 25. Bc4 Qc7 26. Qe4 Ne5 27.
Bb3 b5 28. Qd5 a6 29. a4 Bf6 30. Qe4 Nc4 31. axb5 axb5 32. Rd5 Ra8 33. Kf1 Ra1
34. Ke2 Kg7 35. Bb4 Nb6 36. Rd6 Rc1 37. Rxf6 Kxf6 38. Qd4+ Kg5 39. Be7+ Qxe7
40. Qf4+ 1-0

[Event "Bad Kissingen"]
[Site "Bad Kissingen"]
[Date "1981.??.??"]
[Round "?"]
[White "Kortschnoj, Viktor Lvovich"]
[Black "Hort, Vlastimil"]
[Result "1-0"]
[WhiteElo "2650"]
[BlackElo "2575"]
[PlyCount "79"]
[EventDate "1981.04.??"]
[EventType "tourn"]
[EventRounds "10"]
[EventCountry "GER"]
[EventCategory "12"]
[SourceTitle "MCL"]
[Source "ChessBase"]
[SourceDate "1999.07.01"]
[SourceVersion "1"]
[SourceVersionDate "1999.07.01"]
[SourceQuality "1"]

1. d4 Nf6 2. c4 c6 3. Nc3 d5 4. e3 g6 5. Nf3 Bg7 6. Bd3 Bf5 7. Bxf5 gxf5 8.
cxd5 Nxd5 9. O-O Nd7 10. Qc2 e6 11. e4 fxe4 12. Nxe4 Qc7 13. Bd2 N7f6 14. Rac1
Nxe4 15. Qxe4 Qe7 16. Rfe1 O-O-O 17. a3 Kb8 18. b4 h6 19. a4 Qd7 20. Qg4 Rdg8
21. Qh5 Ka8 22. b5 cxb5 23. axb5 Bf6 24. Rc5 Rc8 25. Rxc8+ Rxc8 26. Bxh6 b6 27.
Ne5 Bxe5 28. dxe5 Rh8 29. h4 Qc8 30. Qg5 Rh7 31. Qd2 Qc4 32. Rc1 Qxb5 33. Qc2
Rh8 34. Bg7 Rg8 35. h5 Nf4 36. h6 Ne2+ 37. Kh2 Nxc1 38. h7 Rd8 39. Qxc1 Qd3 40.
Qh6 1-0

[Event "Bad Kissingen"]
[Site "Bad Kissingen"]
[Date "1981.??.??"]
[Round "?"]
[White "Kortschnoj, Viktor Lvovich"]
[Black "Lobron, Eric"]
[Result "1-0"]
[WhiteElo "2650"]
[BlackElo "2405"]
[PlyCount "91"]
[EventDate "1981.04.??"]
[EventType "tourn"]
[EventRounds "10"]
[EventCountry "GER"]
[EventCategory "12"]
[SourceTitle "MCL"]
[Source "ChessBase"]
[SourceDate "1999.07.01"]
[SourceVersion "1"]
[SourceVersionDate "1999.07.01"]
[SourceQuality "1"]

1. d4 Nf6 2. c4 c5 3. d5 e6 4. Nc3 exd5 5. cxd5 d6 6. e4 g6 7. f3 Bg7 8. Bg5 h6
9. Be3 a6 10. a4 Nbd7 11. Nh3 Qe7 12. Nf2 Ne5 13. Be2 g5 14. h4 Nh5 15. hxg5
hxg5 16. Qd2 Nf4 17. Rxh8+ Bxh8 18. Bxf4 gxf4 19. Qxf4 Ng6 20. Qh2 Bd7 21. g3
O-O-O 22. f4 Bd4 23. Kd2 Qf6 24. Ng4 Qg7 25. Qh6 Rh8 26. Qxg7 Bxg7 27. Ke3 Bd4+
28. Kf3 Bxg4+ 29. Kxg4 Rh2 30. Re1 Ne7 31. Nd1 f5+ 32. exf5 Nxd5 33. Kf3 Nb4
34. g4 Nc2 35. Kg3 Rh8 36. Rf1 Kd7 37. g5 d5 38. f6 c4 39. Bf3 Kd6 40. Nc3 Ne3
41. Re1 Nf5+ 42. Kg4 Ne3+ 43. Rxe3 Bxe3 44. g6 d4 45. g7 Rg8 46. Kf5 1-0

[Event "Bad Kissingen"]
[Site "Bad Kissingen"]
[Date "1981.??.??"]
[Round "?"]
[White "Kortschnoj, Viktor Lvovich"]
[Black "Seirawan, Yasser"]
[Result "1-0"]
[WhiteElo "2650"]
[BlackElo "2555"]
[PlyCount "123"]
[EventDate "1981.04.??"]
[EventType "tourn"]
[EventRounds "10"]
[EventCountry "GER"]
[EventCategory "12"]
[SourceTitle "MCL"]
[Source "ChessBase"]
[SourceDate "1999.07.01"]
[SourceVersion "1"]
[SourceVersionDate "1999.07.01"]
[SourceQuality "1"]

1. d4 Nf6 2. c4 e6 3. Nc3 Bb4 4. e3 c5 5. Nge2 cxd4 6. exd4 d5 7. c5 Ne4 8. Bd2
Nxd2 9. Qxd2 a5 10. a3 Bxc3 11. Nxc3 a4 12. f4 O-O 13. Bb5 Bd7 14. O-O f5 15.
Rfe1 Bxb5 16. Nxb5 Qd7 17. Nc3 Nc6 18. Qd1 Nd8 19. Rc1 Rf6 20. Rc2 h6 21. Rf2
Nf7 22. Qd3 Ra5 23. Na2 Ra8 24. Nb4 g5 25. Qg3 Kh7 26. Rc2 Rg8 27. c6 bxc6 28.
Rxc6 gxf4 29. Qxf4 e5 30. Qc1 Rxc6 31. Qxc6 Qxc6 32. Nxc6 exd4 33. Re7 Kg6 34.
Rd7 Re8 35. Nxd4 Re1+ 36. Kf2 Rd1 37. Nf3 Ng5 38. Ra7 Rb1 39. Ne5+ Kf6 40. Nd3
Ne4+ 41. Ke2 Rh1 42. Ra6+ Kg5 43. Ne1 d4 44. Nf3+ Kh5 45. Nxd4 Rxh2 46. Kf3 Kg5
47. Ne6+ Kf6 48. Nf4+ Ke5 49. Ra5+ Kf6 50. Rxa4 Rh1 51. Ra6+ Ke5 52. Ra5+ Kf6
53. Nd5+ Ke6 54. Ne3 Nd6 55. Rd5 Nc4 56. Rb5 Nd6 57. Rb4 h5 58. a4 h4 59. Kf4
h3 60. gxh3 Rxh3 61. Rb6 Rh2 62. Nxf5 1-0

[Event "Bad Kissingen"]
[Site "Bad Kissingen"]
[Date "1981.??.??"]
[Round "?"]
[White "Kortschnoj, Viktor Lvovich"]
[Black "Sosonko, Gennadi"]
[Result "1-0"]
[WhiteElo "2650"]
[BlackElo "2595"]
[PlyCount "51"]
[EventDate "1981.04.??"]
[EventType "tourn"]
[EventRounds "10"]
[EventCountry "GER"]
[EventCategory "12"]
[SourceTitle "MCL"]
[Source "ChessBase"]
[SourceDate "1999.07.01"]
[SourceVersion "1"]
[SourceVersionDate "1999.07.01"]
[SourceQuality "1"]

1. Nf3 Nf6 2. c4 e6 3. Nc3 d5 4. d4 Bb4 5. e3 c5 6. a3 Bxc3+ 7. bxc3 Nc6 8. Bb2
O-O 9. Rc1 Na5 10. Nd2 Ne4 11. Nxe4 dxe4 12. dxc5 Bd7 13. a4 Bc6 14. Qc2 Qg5
15. Ba3 Rfd8 16. h4 Qf5 17. Bb4 b6 18. Be2 Nb7 19. cxb6 axb6 20. Ra1 Ra7 21.
O-O Rda8 22. Qd2 Qf6 23. Qd4 Qxh4 24. Qxb6 Ra6 25. Qc7 e5 26. c5 1-0

[Event "Bad Kissingen"]
[Site "Bad Kissingen"]
[Date "1981.??.??"]
[Round "?"]
[White "Lobron, Eric"]
[Black "Kortschnoj, Viktor Lvovich"]
[Result "0-1"]
[WhiteElo "2405"]
[BlackElo "2650"]
[PlyCount "26"]
[EventDate "1981.04.??"]
[EventType "tourn"]
[EventRounds "10"]
[EventCountry "GER"]
[EventCategory "12"]
[SourceTitle "MCL"]
[Source "ChessBase"]
[SourceDate "1999.07.01"]
[SourceVersion "1"]
[SourceVersionDate "1999.07.01"]
[SourceQuality "1"]

1. g3 e5 2. Bg2 d5 3. d3 g6 4. c4 d4 5. Nf3 Nc6 6. O-O Bg7 7. Nbd2 a5 8. Rb1
Nf6 9. b3 O-O 10. a3 Qe7 11. b4 axb4 12. axb4 Nxb4 13. Nxe5 Na2 0-1

[Event "Johannesburg"]
[Site "Johannesburg"]
[Date "1981.08.01"]
[Round "1"]
[White "Kortschnoj, Viktor Lvovich"]
[Black "Huebner, Robert"]
[Result "1-0"]
[WhiteElo "2650"]
[BlackElo "2640"]
[PlyCount "141"]
[EventDate "1981.08.01"]
[EventType "tourn"]
[EventRounds "12"]
[EventCountry "RSA"]
[EventCategory "16"]
[SourceTitle "MCD"]
[Source "ChessBase"]
[SourceDate "1999.07.01"]
[SourceVersion "1"]
[SourceVersionDate "1999.07.01"]
[SourceQuality "1"]

1. c4 c5 2. Nf3 Nf6 3. Nc3 e6 4. g3 Nc6 5. Bg2 d5 6. cxd5 Nxd5 7. O-O Be7 8. d4
O-O 9. e4 Ndb4 10. dxc5 Bxc5 11. e5 Be7 12. a3 Nd3 13. Qe2 Nxc1 14. Raxc1 Qa5
15. Rfd1 Rd8 16. Nb5 Qa6 17. Bf1 Bd7 18. Qe3 Qb6 19. Qxb6 axb6 20. Nd6 Rab8 21.
b4 Be8 22. Nxe8 Rxe8 23. Rc3 Red8 24. Rxd8+ Rxd8 25. Bb5 g5 26. h3 Rd1+ 27. Kg2
Ra1 28. Bxc6 bxc6 29. Rxc6 Rxa3 30. Rxb6 Rb3 31. Rb7 Kf8 32. Rb8+ Kg7 33. Re8
Bxb4 34. Nxg5 Bc3 35. Re7 Bxe5 36. Rxf7+ Kg6 37. Rf3 Rxf3 38. Nxf3 Bc3 39. Kf1
Bb4 40. Ke2 Bc5 41. Nd2 {[#]} Kf5 {Sealed move.} 42. Kf3 h6 43. Nc4 Kf6 44. Nb2
Kf5 45. Nd3 Bb6 46. h4 Bd8 47. g4+ Kg6 48. h5+ Kf6 49. Ke4 Bb6 50. f3 Bg1 51.
Ne5 Kg7 52. f4 Bc5 53. Nf3 Bd6 54. g5 Be7 55. g6 Kf6 56. Ne5 Kg7 57. Kd4 Bb4
58. Kc4 Bd2 59. Nd3 Be3 60. Kb5 Kf6 61. Kc6 Ke7 62. g7 Kf7 63. Kd7 Kxg7 64.
Kxe6 {[#]} Bd2 {Sealed move.} 65. f5 Bc3 66. Nf2 Bb2 67. Ng4 Bc1 68. f6+ Kg8
69. Ke7 Ba3+ 70. Ke8 Kh7 71. Ne3 1-0

[Event "Rome"]
[Site "Rome"]
[Date "1982.??.??"]
[Round "?"]
[White "Kortschnoj, Viktor Lvovich"]
[Black "Robatsch, Karl"]
[Result "1-0"]
[WhiteElo "2645"]
[BlackElo "2415"]
[PlyCount "47"]
[EventDate "1982.02.??"]
[EventType "tourn"]
[EventRounds "9"]
[EventCountry "ITA"]
[EventCategory "9"]
[SourceTitle "MCD"]
[Source "ChessBase"]
[SourceDate "1999.07.01"]
[SourceVersion "1"]
[SourceVersionDate "1999.07.01"]
[SourceQuality "1"]

1. c4 Nf6 2. Nc3 e6 3. e4 d5 4. cxd5 exd5 5. e5 Ne4 6. Nf3 Nc6 7. Bb5 Bc5 8. d4
Bb6 9. Be3 O-O 10. Qb3 Bf5 11. Qxd5 Nb4 12. Qxd8 Nc2+ 13. Ke2 Raxd8 14. Rad1 f6
15. Nxe4 Bxe4 16. e6 c6 17. Bxc6 Bxc6 18. e7 Bb5+ 19. Kd2 Ba5+ 20. Kxc2 Rc8+
21. Kb1 Rfe8 22. d5 Rxe7 23. d6 Rd7 24. Rd5 1-0

[Event "Rome"]
[Site "Rome"]
[Date "1982.??.??"]
[Round "?"]
[White "Kortschnoj, Viktor Lvovich"]
[Black "Tatai, Stefano"]
[Result "1-0"]
[WhiteElo "2645"]
[BlackElo "2440"]
[PlyCount "61"]
[EventDate "1982.02.??"]
[EventType "tourn"]
[EventRounds "9"]
[EventCountry "ITA"]
[EventCategory "9"]
[SourceTitle "MCD"]
[Source "ChessBase"]
[SourceDate "1999.07.01"]
[SourceVersion "1"]
[SourceVersionDate "1999.07.01"]
[SourceQuality "1"]

1. c4 e6 2. Nc3 d5 3. d4 c6 4. Nf3 Nf6 5. Qc2 Nbd7 6. Bg5 h6 7. Bh4 dxc4 8. e4
g5 9. Bg3 b5 10. O-O-O Nb6 11. d5 exd5 12. Nd4 Bd7 13. e5 Nh5 14. e6 Nxg3 15.
exd7+ Qxd7 16. hxg3 O-O-O 17. a3 a5 18. Be2 Kb7 19. Ndxb5 cxb5 20. Nxd5 Qc8 21.
Qc3 Bc5 22. Qxa5 Nxd5 23. Bf3 Kc6 24. a4 bxa4 25. Qxa4+ Kb6 26. Bxd5 Bxf2 27.
Qb4+ Kc7 28. Rhf1 Be3+ 29. Kb1 Rd7 30. Qxc4+ Kd8 31. Bc6 1-0